<The> Debt/National Income Comparison Based on Two Approaches
Salvato in:
| Autore principale: | |
|---|---|
| Altri autori: | |
| Natura: | Capitolo di libro |
| Lingua: | inglese |
| Soggetti: | |
| Tags: |
Nessun Tag, puoi essere il primo ad aggiungerne!!
|
MARC
| LEADER | 00000naa$a2200000$$$4500 | ||
|---|---|---|---|
| 001 | 0072556 | ||
| 005 | 20240502083208.7 | ||
| 041 | 0 | |a eng | |
| 044 | |a CZ | ||
| 245 | 1 | 0 | |a <The> Debt/National Income Comparison Based on Two Approaches |c Jaroslav Husár, Karol Szomolányi |
| 500 | |a Abstrakt | ||
| 610 | 2 | 0 | |a zadlženosť |
| 610 | 2 | 0 | |a produkt domáci hrubý |
| 610 | 2 | 0 | |a dôchodok národný |
| 610 | 2 | 0 | |a ukazovatele makroekonomické |
| 610 | 2 | 0 | |a modely dynamické |
| 100 | 1 | |a Husár, Jaroslav | |
| 700 | 1 | |a Szomolányi, Karol, 1976- | |